000 01703nam a2200385 c 4500
003 BLK
005 20180420221535.0
008 180408b bul|||||r ||||||| ||bul||
010 _aKNG00048160000
040 _aBLK
041 _aFRE
_cFRE
_hBUL
080 _aФренски език
_b811.133.1
_x(038.2)
_z811.133.1(038.2)
080 _aБългарски език
_b811.163.2
_x(038.2)
_z811.163.2(038.2)
100 1 _aКарастоянова, Люба Спирова
_eпърви автор
_9279383
700 1 _aСимеонов, Йосиф Гюров
_eсъавт.
_9279384
139 _aКарастоянова, Люба Спирова и др.
_bК 36
245 1 0 _aФренско-български разговорник
_cЛюба Спирова Карастоянова; съавт. Йосиф Гюров Симеонов.
246 1 1 _aGuide de conversation francais-bulgare
250 _a3. изд.
257 _aBGR
260 София
_bНаука и изкуство
_c1980
_fЯмбол : печ. Г. Димитров
300 _a144 с.
_c11Х14 см
380 _a80
500 _aАвт. не са отбелязани на кор. - 1. изд. 1967 ; В кн. означено 4. изд.
650 4 _aФренски език - разговорници, френско-български
_9279385
650 4 _aБългарски език - разговорници, френско-български
_9255524
653 _aфренски език
653 _aбългарски език
653 _aразговорници
852 _aЦб І 18512
856 4 _qpdf
_u
856 4 _qpdf
_u
942 _cKNG
_n0
944 _aCR
_c09.02.2005
_kЦветанка_Енчева
944 _aED
_c21.02.2005
_k
999 _c44393
_d44393